00449nam a2200169Ia 450000500170000000800410001702000180005804100080007608200160008410000130010024500700011326000210018330000080020450000270021265000270023970000130026620230420144511.0230125s9999 xx 000 0 und d a9780814470572 aeng a003.54bSTO aStorey D aOffice ComputingbThe essential Guide to Thinking Working Smarter bAmacomaNew York a95p aInformation technology aInformation technology aStorey D